00442nam a22001577a 4500003000900000005001700009008004500026020001500071040002200086100003300108245002600141260004100167300002300208490002700231830002600258DO-SdBNP20180130105106.0160307b 1975 xxu||||| |||| 00| 0 spa d a8431911727 aBPMSUbspscBPMSU1 aSpyri, Johanna, d1827-1901.10aHeidi /cJuana Spyri. aBilbao :bVasco Americana, c[1975]. a191 p. ; c23 cm. 1 aLibros Preferidos ;v2 0aLibros Preferidos n2